00576nam a2200157 a 450000100100000000500170001000800410002704000250006808200150009324500590010826000920016730000200025904900090027995201130028899900170040100003127620200930062822.0110617s19uu dr a 000 0 spa d aDO-SdBNPbspacBNPHU axxxxbE79c00aEstatutos de la Cooperativa de Producción y Consumo. a[Santo Domingo :bEscuela Salesiana de Artes Gráficas "María Auxiliadora",c19--?]. a32 p. ;c20 cm. aBNPD 0010718PDaPDbPDcCTd2011-06-17iLF1l0oxxxx E79cp31276-10r2020-06-25w2020-06-25yLFPDZNo se presta c30768d30768